ONE PIECE: nationalité des personnages - Statistiques

Statistiques générales
  • Ce quiz a été pris 213 fois
  • Le résultat moyen est 11 sur 50
Statistiques - réponses
Personnages Réponses % Correct
Monkey D Luffy Brésil
94%
Roronoa Zoro Japon
92%
Sanji France
85%
Franky Etats Unis
62%
Tony Tony Chopper Canada
55%
Nami Suède
54%
Usopp Afrique du sud
52%
Nico Robin Russie
52%
Brook Autriche
32%
Yamato Japon
29%
Monkey D Garp Brésil
26%
Capone Bege Italie
26%
Jinbe Inde
23%
Rob Lucci Italie
23%
Sengoku Japon
21%
Boa Hancock Chine
15%
Tashigi Japon
15%
Trafalgar D Waterlaw Allemagne
14%
Shanks Irlande
14%
Portgas D Ace Portugal
14%
Gecko Moria Roumanie
14%
Marshall D Teach Somalie
14%
Eustass D Kid Ecosse
13%
Urouge Inde
13%
Crocodile Italie
13%
Borsalino Kizaru Japon
12%
Kuzan Aokiji Japon
12%
Dracule Mihawk Espagne
10%
Smoker Etats Unis
10%
Baggy France
10%
Charlotte Katakuri Japon
10%
X Drake Turquie
10%
Don Quijote Doflamingo Allemagne
9%
Scratchmen Apoo Chine
9%
Killer Ecosse
9%
Ivankov France
9%
Kobbe Japon
9%
Kaido Mongolie
9%
Silvers Rayleigh Royaume Uni
9%
Jewelry Bonney Australie
8%
Big Mom Etats Unis
8%
Sabo Royaume Uni
8%
Barbe Blanche Royaume Uni
8%
Gol d Roger Royaume Uni
8%
Marco Royaume Uni
7%
Basile Hawkins Egypte
5%
Sakazuki Akainu Hawai
5%
Bon Clay/ Mr.2 Japon
5%
Bartholomew Kuma Royaume Uni
5%
Bellamy Afrique du sud
3%
Aucun quiz correspondant
Distribution des résultats
% des personnes avec chaque résultat
Percentile par nombre de réponses
Votre historique - résultats
Vous n’avez pas pris ce quiz